000 00659nam a22002177a 4500
999 _c14826
_d14826
003 AR-CdUCM
008 190424b ||||| |||| 00| 0 spa d
020 _a978-612-4026-81-2
040 _aMUNICIPALIDAD PROVINCIAL DEL CUSCO
_cBIBLIOTECA MUNICIPAL DEL CUSCO
082 _aPI / 808.06 /
_bV23
100 _aSoto de los Reyes, Raquel
_933719
245 _aEl shansho mágico /
260 _aLima :
_bDidáctica,
_c2012.
300 _a17 cm.
_cIlustración
500 _aIncluye un personaje para armar en kirigami.
650 _aHistoria
_9246
650 _aNiños
_99390
650 _aInfancia
_95236
942 _2ddc
_cLIBROS
945 _arah
_d24/04/2019